000 nam a22 a 4500
999 _c407739
_d407739
003 BLK
005 20210413083329.0
008 180408b bul|||||r ||||||| ||bul||
010 _aKNG00047737000
040 _aBLK
041 _aFRE
_cFRE
080 _aФренски език
_b811.133.1
_x'35(076)
_z811.133.1'35(076)
080 _aФренски език
_b811.133.1
_x'367(076)
_z811.133.1'367(076)
100 1 _aLarousse, Pierre
_eпърви автор
_916511
139 _aLarousse, Pierre
245 1 0 _aExercices d'orthographe et de syntaxe appliqués numero par numero à la Grammaire complète et à la Grammaire supérieure et de nature a s'adapter a tout autre cours de langue francaise
_cPierre Larousse.
_bLivre de l'eleve
257 _aFRA
260 _aParis
_bBoyer
_c1880
_9447909
300 _a308 c.
_c18 см
380 _a80
490 _9435080
_aКолекция Редки и ценни издания
650 0 _aФренски език - правопис - учебни помагала
_9257122
650 0 _aФренски език - синтаксис
_9269883
653 _aфренски език
653 7 _aправопис
_9194329
653 7 _aсинтаксис
_9196640
852 _aРф 880
_bРц
856 4 _qpdf
856 4 _qpdf
942 _cKNG
_n0
_s1
944 _kТД
999 _d407739